Normal view
MARC view
- Haas J. & Jungbluth J
Entry Personal Name
001 - CONTROL NUMBER
- control field: 185497
003 - CONTROL NUMBER IDENTIFIER
- control field: OSt
005 - DATE AND TIME OF LATEST TRANSACTION
- control field: 20230714205207.0
008 - FIXED-LENGTH DATA ELEMENTS
- fixed length control field: 230714|| aca||aabn | a|a d
040 ## - CATALOGING SOURCE
- Original cataloging agency: OSt
- Transcribing agency: OSt
100 ## - HEADING--PERSONAL NAME
- Personal name: Haas J. & Jungbluth J
670 ## - SOURCE DATA FOUND
- Source citation: Work cat.: (OSt)169165: Haas J. 121507, 486 Book Users Guide To 486 Computer Systems, 1992